Activity based management : Improving processes and profitability

Bibliographic Details
Main Author: Plowman, Brian
Format: Book
Published: Hampshire : Gower , 2001
Subjects:

MARC

LEADER 00000cam a2200000 7i4500
001 0000010683
005 20050422.0
020 |a 0566081458 
040 |a INS 
090 0 0 |a HF5686.C8   |b P5934 2001 
100 1 |a Plowman, Brian 
245 1 0 |a Activity based management :   |b Improving processes and profitability   |c Brian Plowman 
260 |a Hampshire :   |b Gower ,   |c 2001 
300 |a xvi,228p ;   |c 24cm. 
650 0 0 |a Activity   |x Based costing 
650 0 0 |a Managerial accounting 
999 |a 0000009717   |b BOOK   |c Open Shelf   |e Default branch